[Event "Mecklenburg VP Verbandsliga 2122"]
[Site "Mecklenburg VP"]
[Date "2022.05.01"]
[Round "9.3"]
[White "Lanz, Joerg"]
[Black "Bress, Aaron"]
[Result "1-0"]
[WhiteElo "2055"]
[BlackElo "1814"]
[PlyCount "85"]
[EventDate "2021.10.24"]
[EventType "team-tourn"]
[EventRounds "9"]
[EventCountry "GER"]
[SourceTitle "EXT 2024"]
[Source "ChessBase"]
[SourceDate "2023.10.10"]
[SourceVersion "1"]
[SourceVersionDate "2023.10.10"]
[SourceQuality "1"]
[WhiteTeam "Grevesmuehlen Blau Weiss"]
[BlackTeam "Torgelow Droegeheide"]
[WhiteTeamCountry "GER"]
[BlackTeamCountry "GER"]

1. Nf3 c6 2. g3 d5 3. d3 Nf6 4. Nbd2 Bf5 5. Bg2 e6 6. 0-0 Nbd7 7. Re1 Be7 8. e4 dxe4 9. dxe4 Bg6 10. a3 e5 11. Qe2 0-0 12. Nh4 Qc7 13. Nf5 Bc5 14. Nb3 Bxf5 15. exf5 Bb6 16. g4 Rad8 17. Bg5 Rfe8 18. Be4 Nxe4 19. Bxd8 Qxd8 20. Qxe4 Qh4 21. Qg2 Nf6 22. c4 Qxg4 23. Qxg4 Nxg4 24. c5 Bd8 25. Rad1 Bh4 26. Re2 Nh6 27. Rd7 Nxf5 28. Rxb7 f6 29. Rd2 Bg5 30. Rdd7 e4 31. Rxa7 e3 32. fxe3 Bxe3+ 33. Kf1 Bf4 34. a4 Bxh2 35. a5 Bg3 36. Nd4 Nxd4 37. Rxg7+ Kh8 38. Rxh7+ Kg8 39. Rag7+ Kf8 40. Rxg3 Re5 41. b4 Rf5+ 42. Kg2 Nb5 43. a6 1-0

[Event "Mecklenburg VP Verbandsliga 2122"]
[Site "Mecklenburg VP"]
[Date "2022.04.24"]
[Round "5.3"]
[White "Bress, Aaron"]
[Black "Heinicke, Wenke"]
[Result "0-1"]
[WhiteElo "1814"]
[BlackElo "1957"]
[PlyCount "64"]
[EventDate "2021.10.24"]
[EventType "team-tourn"]
[EventRounds "9"]
[EventCountry "GER"]
[SourceTitle "EXT 2024"]
[Source "ChessBase"]
[SourceDate "2023.10.10"]
[SourceVersion "1"]
[SourceVersionDate "2023.10.10"]
[SourceQuality "1"]
[WhiteTeam "Torgelow Droegeheide"]
[BlackTeam "Think Rochade"]
[WhiteTeamCountry "GER"]
[BlackTeamCountry "GER"]

1. e4 e6 2. d4 d5 3. e5 c5 4. c3 Nc6 5. Nf3 Nh6 6. Bd3 f6 7. Bxh6 gxh6 8. 0-0 cxd4 9. cxd4 Bg7 10. Nc3 0-0 11. Re1 fxe5 12. dxe5 Bd7 13. Rc1 Be8 14. Qc2 Bh5 15. Bxh7+ Kh8 16. Ne2 Bxf3 17. gxf3 Nxe5 18. Nd4 Qh4 19. Rcd1 Rac8 20. Qb1 Rxf3 21. Nxf3 Nxf3+ 22. Kf1 Nxh2+ 23. Ke2 Qg4+ 24. Ke3 Qf3+ 25. Kd2 Qf4+ 26. Ke2 Qe5+ 27. Kd3 Qd4+ 28. Ke2 Qg4+ 29. Ke3 d4+ 30. Kd2 Nf3+ 31. Kd3 Nxe1+ 32. Rxe1 Kxh7 0-1

[Event "Mecklenburg VP Verbandsliga 2122"]
[Site "Mecklenburg VP"]
[Date "2021.11.21"]
[Round "3.3"]
[White "Bress, Aaron"]
[Black "Paulowitz, Bernd Rainer"]
[Result "0-1"]
[WhiteElo "1814"]
[BlackElo "1904"]
[PlyCount "90"]
[EventDate "2021.10.24"]
[EventType "team-tourn"]
[EventRounds "9"]
[EventCountry "GER"]
[SourceTitle "EXT 2024"]
[Source "ChessBase"]
[SourceDate "2023.10.10"]
[SourceVersion "1"]
[SourceVersionDate "2023.10.10"]
[SourceQuality "1"]
[WhiteTeam "Torgelow Droegeheide"]
[BlackTeam "Stralsund HSG"]
[WhiteTeamCountry "GER"]
[BlackTeamCountry "GER"]

1. e4 c5 2. Nc3 Nc6 3. Bb5 a6 4. Bxc6 dxc6 5. Nf3 g6 6. d3 Bg7 7. 0-0 Nf6 8. Be3 b6 9. Qd2 Ng4 10. Bf4 e5 11. Bg3 f6 12. h3 Nh6 13. Nh2 0-0 14. f4 Nf7 15. fxe5 Nxe5 16. Bxe5 fxe5 17. Rxf8+ Qxf8 18. Rf1 Qe7 19. Nd1 Be6 20. Ne3 Rf8 21. Qc3 Rxf1+ 22. Kxf1 Qg5 23. Ke2 Qg3 24. Nhf1 Qg5 25. b4 Bf8 26. Qa3 Bc8 27. Qb3+ Kg7 28. Qc4 b5 29. Qc3 Qe7 30. Ng4 Bxg4+ 31. hxg4 Qe6 32. bxc5 Qxg4+ 33. Kf2 Qf4+ 34. Ke2 Kf6 35. Nd2 Bh6 36. Nf3 Qe3+ 37. Kd1 Bf4 38. Qb3 g5 39. Qg8 Qc1+ 40. Ke2 Qxc2+ 41. Kf1 Qxd3+ 42. Kf2 Qc2+ 43. Kf1 Qxc5 44. Qh8+ Ke7 45. Qxh7+ Kd8 0-1

[Event "Mecklenburg VP-ch MT"]
[Site "Greifswald"]
[Date "2021.06.27"]
[Round "7"]
[White "Bress, Aaron"]
[Black "Scharf, Christian"]
[Result "1/2-1/2"]
[WhiteElo "1795"]
[BlackElo "1050"]
[PlyCount "101"]
[EventDate "2021.06.24"]
[EventType "swiss"]
[EventRounds "7"]
[EventCountry "GER"]
[SourceTitle "EXT 2022"]
[Source "ChessBase"]
[SourceDate "2021.10.06"]
[SourceVersion "1"]
[SourceVersionDate "2021.10.06"]
[SourceQuality "1"]

1. Nf3 Nf6 2. g3 d5 3. Bg2 e6 4. 0-0 Be7 5. d3 0-0 6. Nbd2 Nc6 7. e4 dxe4 8. dxe4 e5 9. h3 Re8 10. c3 h6 11. Qe2 Bf8 12. a4 a5 13. Nc4 Qe7 14. b3 Rd8 15. Ba3 Qe6 16. Bxf8 Kxf8 17. Rad1 Rxd1 18. Rxd1 b6 19. Nfd2 Ba6 20. f4 Rd8 21. Re1 Nd7 22. Qh5 Nc5 23. fxe5 Nxb3 24. Nxb3 Bxc4 25. Nd4 Nxd4 26. cxd4 Rxd4 27. g4 Kg8 28. Qf5 Ba6 29. Rc1 c5 30. Rb1 c4 31. Bf1 c3 32. Rc1 Bxf1 33. Qxe6 fxe6 34. Kxf1 Rxa4 35. Rxc3 Rxe4 36. Rc6 Rxe5 37. Rxb6 Kf7 38. Kf2 Kf6 39. Kf3 g5 40. Ra6 Ke7 41. Ra7+ Kd6 42. Rh7 Kc5 43. Rxh6 Kb4 44. h4 gxh4 45. Rxh4 Rg5 46. Kf4 Rg8 47. Ke5 Rg6 48. g5+ Kb5 49. Kf4 a4 50. Rh8 e5+ 51. Kf5 1/2-1/2

[Event "Mecklenburg VP-ch MT"]
[Site "Greifswald"]
[Date "2021.06.26"]
[Round "5"]
[White "Bress, Aaron"]
[Black "Helms, Sven"]
[Result "0-1"]
[WhiteElo "1795"]
[BlackElo "1962"]
[PlyCount "80"]
[EventDate "2021.06.24"]
[EventType "swiss"]
[EventRounds "7"]
[EventCountry "GER"]
[SourceTitle "EXT 2022"]
[Source "ChessBase"]
[SourceDate "2021.10.06"]
[SourceVersion "1"]
[SourceVersionDate "2021.10.06"]
[SourceQuality "1"]

1. e4 d5 2. exd5 Nf6 3. d4 Qxd5 4. Nf3 Bg4 5. Be2 e6 6. 0-0 Be7 7. Be3 0-0 8. c4 Qa5 9. Nc3 c6 10. h3 Bxf3 11. Bxf3 Nbd7 12. a3 Rad8 13. b4 Qc7 14. Qb3 Bd6 15. Rfe1 Bh2+ 16. Kh1 Bf4 17. g4 Bxe3 18. Rxe3 Qf4 19. Ne2 Qg5 20. Bg2 Rfe8 21. f4 Qh4 22. Rg3 Nf8 23. Rf1 N6d7 24. g5 Qh5 25. Bf3 Qg6 26. Rfg1 Re7 27. Qe3 f5 28. gxf6 Qxf6 29. c5 Qh6 30. Bg4 Nf6 31. Nc3 Nxg4 32. Rxg4 Rxd4 33. Kh2 Rdd7 34. Ne4 e5 35. Qc3 Kh8 36. fxe5 Ng6 37. Rg5 Rd5 38. Qf3 Rdxe5 39. Nd6 Re2+ 40. Qxe2 Rxe2+ 0-1

[Event "Mecklenburg VP-ch MT"]
[Site "Greifswald"]
[Date "2021.06.24"]
[Round "1"]
[White "Bress, Aaron"]
[Black "Herrmann, Jakob"]
[Result "1-0"]
[WhiteElo "1795"]
[BlackElo "1533"]
[PlyCount "53"]
[EventDate "2021.06.24"]
[EventType "swiss"]
[EventRounds "7"]
[EventCountry "GER"]
[SourceTitle "EXT 2022"]
[Source "ChessBase"]
[SourceDate "2021.10.06"]
[SourceVersion "1"]
[SourceVersionDate "2021.10.06"]
[SourceQuality "1"]

1. e4 c6 2. d4 d5 3. e5 Bf5 4. h4 Qb6 5. g4 Bd7 6. c3 e6 7. f4 c5 8. Nf3 Nc6 9. a3 Rc8 10. Bh3 cxd4 11. cxd4 Na5 12. Nc3 Nc4 13. Rb1 Nxe5 14. Nxe5 Rxc3 15. bxc3 Qxb1 16. Nxd7 Kxd7 17. Qa4+ Kd8 18. 0-0 Qd3 19. Bg2 Nf6 20. Qa5+ Kc8 21. Qxa7 Nxg4 22. Qa8+ Kc7 23. f5 e5 24. Qa5+ b6 25. Qxd5 Qg3 26. Qxf7+ Kb8 27. Qb7# 1-0

[Event "Mecklenburg VP Verbandsliga 1920"]
[Site "Mecklenburg VP"]
[Date "2020.01.19"]
[Round "5.5"]
[White "Bress, Aaron"]
[Black "Junggebauer, Thomas"]
[Result "1/2-1/2"]
[WhiteElo "1793"]
[BlackElo "2000"]
[PlyCount "100"]
[EventDate "2019.09.29"]
[EventType "team-tourn"]
[EventRounds "9"]
[EventCountry "GER"]
[SourceTitle "EXT 2023"]
[Source "ChessBase"]
[SourceDate "2022.10.05"]
[SourceVersion "1"]
[SourceVersionDate "2022.10.05"]
[SourceQuality "1"]
[WhiteTeam "Torgelow"]
[BlackTeam "Wismar ASV Gruen-Weiss"]
[WhiteTeamCountry "GER"]
[BlackTeamCountry "GER"]

1. e4 c5 2. Nf3 e6 3. d4 cxd4 4. Nxd4 Nc6 5. Nc3 Be7 6. Be2 Nf6 7. 0-0 0-0 8. Kh1 d5 9. Nxc6 bxc6 10. e5 Nd7 11. f4 Rb8 12. Bd3 Nc5 13. Be2 f5 14. g4 d4 15. Nb1 Ne4 16. Nd2 c5 17. gxf5 Nxd2 18. Bxd2 Bb7+ 19. Bf3 Rxf5 20. Rb1 Qd7 21. Qe2 Qa4 22. Bxb7 Rxb7 23. Qe4 Rd7 24. b3 Qa6 25. Qd3 Qc6+ 26. Qf3 Qxf3+ 27. Rxf3 g6 28. Kg2 Bf8 29. Rbf1 Rdf7 30. Kg3 Bh6 31. h3 Kf8 32. Bc1 Ke8 33. h4 Bf8 34. Bd2 Be7 35. Be1 Rh5 36. Kg4 Kd7 37. a4 a6 38. Rg1 Kc6 39. Rg2 Bd8 40. Re2 Rhf5 41. Ref2 h6 42. Rd2 Kd5 43. Rf1 Bc7 44. Rff2 Bd8 45. Rf1 Bc7 46. Rff2 Bd8 47. Rf1 Bb6 48. Rff2 Rc7 49. Rf1 Rf8 50. Kh3 Ke4 1/2-1/2

[Event "Mecklenburg VP Verbandsliga 1920"]
[Site "Mecklenburg VP"]
[Date "2019.10.20"]
[Round "2.5"]
[White "Bress, Aaron"]
[Black "Helms, Sven"]
[Result "0-1"]
[WhiteElo "1793"]
[BlackElo "1962"]
[PlyCount "96"]
[EventDate "2019.09.29"]
[EventType "team-tourn"]
[EventRounds "9"]
[EventCountry "GER"]
[SourceTitle "EXT 2023"]
[Source "ChessBase"]
[SourceDate "2022.10.05"]
[SourceVersion "1"]
[SourceVersionDate "2022.10.05"]
[SourceQuality "1"]
[WhiteTeam "Torgelow"]
[BlackTeam "Schwerin SF II"]
[WhiteTeamCountry "GER"]
[BlackTeamCountry "GER"]

1. e4 e5 2. Nf3 Nf6 3. Nxe5 d6 4. Nf3 Nxe4 5. d3 Nf6 6. Nc3 Be7 7. Be2 0-0 8. 0-0 Bg4 9. h3 Bh5 10. g4 Bg6 11. Nh4 Nc6 12. f4 Nd7 13. Nxg6 hxg6 14. Bf3 Nb6 15. a4 a5 16. Be3 Bf6 17. Qd2 Re8 18. Bf2 Bxc3 19. Qxc3 d5 20. Qb3 d4 21. Rae1 Qd6 22. Bg3 Re3 23. Kg2 Rae8 24. f5 Qb4 25. fxg6 Qxb3 26. cxb3 fxg6 27. Be4 Nb4 28. Rxe3 dxe3 29. Re1 N6d5 30. Bxg6 Re6 31. Be4 Rc6 32. Re2 Rc1 33. Be5 c6 34. Bd6 Nc2 35. Bxd5+ cxd5 36. Bf4 Ne1+ 37. Kg3 d4 38. Be5 Nc2 39. Kf3 Rf1+ 40. Ke4 Rf2 41. Rxc2 Rxc2 42. Bxd4 e2 43. Bf2 Rc1 44. Kd4 e1Q 45. Bxe1 Rxe1 46. Kc5 Re3 47. d4 Rxb3 48. d5 Kf7 0-1

[Event "GER-ch U14"]
[Site "Willingen"]
[Date "2019.06.15"]
[Round "9"]
[White "Bress, Aaron"]
[Black "Simukov, Erik"]
[Result "0-1"]
[WhiteElo "1849"]
[BlackElo "1904"]
[PlyCount "78"]
[EventDate "2019.06.08"]
[EventType "swiss"]
[EventRounds "9"]
[EventCountry "GER"]
[SourceTitle "CBM 191 Extra"]
[Source "ChessBase"]
[SourceDate "2019.09.30"]
[SourceVersion "1"]
[SourceVersionDate "2019.09.30"]
[SourceQuality "1"]

1. e4 e5 2. Nf3 Nc6 3. Bb5 a6 4. Ba4 Nf6 5. 0-0 Be7 6. Re1 b5 7. Bb3 d6 8. c3 0-0 9. h3 Nb8 10. d4 Nbd7 11. Nbd2 Bb7 12. Bc2 Re8 13. Nf1 Bf8 14. Ng3 g6 15. Nh2 d5 16. dxe5 Nxe4 17. Nxe4 dxe4 18. Bxe4 Bxe4 19. Rxe4 Nxe5 20. Qxd8 Raxd8 21. Bg5 Nd3 22. Rxe8 Rxe8 23. Ng4 Bg7 24. Rd1 Re1+ 25. Rxe1 Nxe1 26. Ne3 Nd3 27. Nd5 Nxb2 28. Nxc7 Na4 29. Nxa6 Nxc3 30. Nc7 b4 31. Na6 Bf8 32. Bf6 Nxa2 33. Kf1 Bd6 34. Ke1 Kf8 35. Kd1 b3 36. Bd4 Ke8 37. Nc5 Bxc5 38. Bxc5 b2 39. Kc2 Nc3 0-1

[Event "GER-ch U14"]
[Site "Willingen"]
[Date "2019.06.13"]
[Round "7"]
[White "Bress, Aaron"]
[Black "Bornholdt, Joa Max"]
[Result "1-0"]
[WhiteElo "1849"]
[BlackElo "1754"]
[PlyCount "65"]
[EventDate "2019.06.08"]
[EventType "swiss"]
[EventRounds "9"]
[EventCountry "GER"]
[SourceTitle "CBM 191 Extra"]
[Source "ChessBase"]
[SourceDate "2019.09.30"]
[SourceVersion "1"]
[SourceVersionDate "2019.09.30"]
[SourceQuality "1"]

1. c4 Nf6 2. Nc3 e6 3. g3 d5 4. d4 c6 5. cxd5 exd5 6. Bg2 Bf5 7. Nf3 Bd6 8. 0-0 0-0 9. Nh4 Be6 10. Qc2 a5 11. Re1 Nbd7 12. Na4 Re8 13. Nc5 Bxc5 14. dxc5 Qe7 15. Be3 Ne4 16. Rac1 f5 17. Bd4 Rac8 18. f3 g5 19. fxe4 dxe4 20. Nf3 exf3 21. exf3 Qf7 22. Qd2 h6 23. a3 Ra8 24. Bf1 Bd5 25. Qc3 Kh7 26. Bh3 Kg8 27. Qd3 Be6 28. Qc3 Bd5 29. Qd3 Be6 30. Bc3 Red8 31. Qd4 Kh7 32. Rxe6 Nxc5 33. Bxf5+ 1-0

[Event "GER-ch U14"]
[Site "Willingen"]
[Date "2019.06.12"]
[Round "5"]
[White "Bress, Aaron"]
[Black "May, Ben Iven"]
[Result "0-1"]
[WhiteElo "1849"]
[BlackElo "1692"]
[PlyCount "60"]
[EventDate "2019.06.08"]
[EventType "swiss"]
[EventRounds "9"]
[EventCountry "GER"]
[SourceTitle "CBM 191 Extra"]
[Source "ChessBase"]
[SourceDate "2019.09.30"]
[SourceVersion "1"]
[SourceVersionDate "2019.09.30"]
[SourceQuality "1"]

1. e4 c5 2. Nf3 d6 3. d4 cxd4 4. Nxd4 Nf6 5. Nc3 a6 6. Bg5 e6 7. f4 Be7 8. Qf3 Nbd7 9. 0-0-0 h6 10. Bxf6 Bxf6 11. g4 g5 12. f5 Ne5 13. Qe2 Qc7 14. Bg2 Bd7 15. Rhf1 0-0 16. Kb1 Rac8 17. h3 b5 18. Qd2 Nc4 19. Qc1 Qb6 20. Nce2 e5 21. Nf3 Ne3 22. Rxd6 Qxd6 23. Qxe3 Qc5 24. Qc1 Bc6 25. Ng3 Qe7 26. Rh1 Rfd8 27. h4 Rd6 28. Bf1 gxh4 29. Nh5 Bxe4 30. Nxf6+ Qxf6 0-1

[Event "GER-ch U14"]
[Site "Willingen"]
[Date "2019.06.09"]
[Round "1"]
[White "Bress, Aaron"]
[Black "Weihrauch, Jakob"]
[Result "0-1"]
[WhiteElo "1849"]
[BlackElo "2158"]
[PlyCount "97"]
[EventDate "2019.06.08"]
[EventType "swiss"]
[EventRounds "9"]
[EventCountry "GER"]
[SourceTitle "CBM 191 Extra"]
[Source "ChessBase"]
[SourceDate "2019.09.30"]
[SourceVersion "1"]
[SourceVersionDate "2019.09.30"]
[SourceQuality "1"]

1. e4 e5 2. Nf3 Nc6 3. Bb5 a6 4. Ba4 Nf6 5. 0-0 b5 6. Bb3 Bc5 7. c3 d6 8. Re1 0-0 9. h3 h6 10. d3 Re8 11. Nbd2 Bb6 12. Nf1 Be6 13. Bc2 d5 14. exd5 Bxd5 15. Ng3 Qd7 16. Ne4 Nh7 17. Ng3 Rad8 18. Be3 Bxe3 19. Rxe3 f5 20. Re1 Qf7 21. Nd2 Ng5 22. a4 Ne6 23. Nf3 Nf4 24. d4 e4 25. Nh2 Qg6 26. Qc1 Ne6 27. Nhf1 Ne7 28. Ne2 Bc4 29. Nf4 Nxf4 30. Qxf4 Nd5 31. Qg3 Qf7 32. Qh2 b4 33. Ne3 Nxe3 34. fxe3 Bd3 35. Rac1 bxc3 36. bxc3 Rb8 37. Red1 Qc4 38. Qf4 Rf8 39. Bxd3 exd3 40. Qf1 Rb2 41. Rxd3 Rf6 42. Rdd1 Qxa4 43. Rb1 Rc2 44. Rdc1 Rg6 45. Kh1 Qa2 46. Rxc2 Qxc2 47. Rc1 Qd2 48. Rd1 Qc2 49. Rc1 0-1

[Event "Mecklenburg VP-ch MT"]
[Site "Greifswald"]
[Date "2019.04.14"]
[Round "4.3"]
[White "Bress, Aaron"]
[Black "Knoop, Sascha"]
[Result "1/2-1/2"]
[WhiteElo "1760"]
[BlackElo "1782"]
[PlyCount "65"]
[EventDate "2019.04.13"]
[EventType "swiss"]
[EventRounds "7"]
[EventCountry "GER"]
[SourceTitle "EXT 2023"]
[Source "ChessBase"]
[SourceDate "2022.10.05"]
[SourceVersion "1"]
[SourceVersionDate "2022.10.05"]
[SourceQuality "1"]

1. e4 e5 2. Nf3 d6 3. d4 exd4 4. Nxd4 Nf6 5. Nc3 Be7 6. Be2 0-0 7. 0-0 Re8 8. f4 Bf8 9. Bf3 Nbd7 10. Nb3 c6 11. a4 Qb6+ 12. Kh1 a5 13. g4 Nb8 14. g5 Nfd7 15. Qe1 Na6 16. Qh4 Qd8 17. Rg1 g6 18. Be3 Ndc5 19. Nxc5 Nxc5 20. Bd4 Ne6 21. Bf6 Qb6 22. Ne2 Bg7 23. f5 Nd4 24. Bxg7 Kxg7 25. Nxd4 Qxd4 26. Qh6+ Kh8 27. Rad1 Qxb2 28. fxg6 fxg6 29. Rxd6 Qg7 30. Qh4 Be6 31. Rgd1 Qe5 32. Bg2 Kg7 33. Qh6+ 1/2-1/2

[Event "Mecklenburg VP-ch MT"]
[Site "Greifswald"]
[Date "2019.04.13"]
[Round "2.3"]
[White "Schmidt, Peter2"]
[Black "Bress, Aaron"]
[Result "1-0"]
[WhiteElo "2108"]
[BlackElo "1760"]
[PlyCount "117"]
[EventDate "2019.04.13"]
[EventType "swiss"]
[EventRounds "7"]
[EventCountry "GER"]
[SourceTitle "EXT 2023"]
[Source "ChessBase"]
[SourceDate "2022.10.05"]
[SourceVersion "1"]
[SourceVersionDate "2022.10.05"]
[SourceQuality "1"]

1. Nf3 d5 2. b3 Nf6 3. Bb2 c5 4. e3 Nc6 5. Bb5 a6 6. Bxc6+ bxc6 7. Ne5 Qc7 8. f4 g6 9. 0-0 Bg7 10. Nc3 0-0 11. Na4 d4 12. Nxc5 dxe3 13. dxe3 Ng4 14. Nxg4 Bxb2 15. Rb1 Bg7 16. Nf2 Qa5 17. Na4 Rd8 18. Qe1 Qc7 19. Nd3 a5 20. Rd1 Bg4 21. Rd2 Qa7 22. Kh1 Rac8 23. h3 Bd7 24. Ndc5 Be8 25. Qd1 Qb8 26. Rff2 e5 27. Rxd8 Rxd8 28. Rd2 Rxd2 29. Qxd2 exf4 30. exf4 Bh6 31. g3 Qc8 32. Kg2 Qc7 33. Ne4 Qe7 34. Nac5 f5 35. Qd6 Qxd6 36. Nxd6 Bf8 37. Nxe8 Bxc5 38. Nf6+ Kg7 39. Nd7 Bd4 40. Nb8 c5 41. Nc6 Bc3 42. Ne7 Bf6 43. Nd5 Bd8 44. Kf3 Kf7 45. Ke2 Ke6 46. Ne3 Bc7 47. Kd3 Kd7 48. Kc4 Kc6 49. Nd5 Bd8 50. c3 Kd6 51. Ne3 Kc6 52. a3 Bb6 53. Nd1 Bc7 54. Nf2 Bd6 55. Nd3 h6 56. h4 g5 57. hxg5 hxg5 58. fxg5 Bxg3 59. g6 1-0

[Event "JBLN Ost 1819"]
[Site "Germany"]
[Date "2019.03.03"]
[Round "9.3"]
[White "Bress, Aaron"]
[Black "Henning, Marvin"]
[Result "0-1"]
[WhiteElo "1760"]
[BlackElo "1972"]
[PlyCount "120"]
[EventDate "2018.09.29"]
[EventType "team-tourn"]
[EventRounds "9"]
[EventCountry "GER"]
[SourceTitle "CBM 189 Extra"]
[Source "ChessBase"]
[SourceDate "2019.05.31"]
[SourceVersion "1"]
[SourceVersionDate "2019.05.31"]
[SourceQuality "1"]
[WhiteTeam "Torgelow"]
[BlackTeam "Reideburg 90 Halle"]
[WhiteTeamCountry "GER"]
[BlackTeamCountry "GER"]

1. e4 d5 2. exd5 Qxd5 3. Nc3 Qd6 4. d4 Nf6 5. Nf3 a6 6. Ne5 Nc6 7. Nxc6 Qxc6 8. d5 Qd6 9. Be2 b5 10. Bf3 Bb7 11. 0-0 0-0-0 12. Qe2 Nxd5 13. Nxd5 Bxd5 14. Bxd5 Qxd5 15. Bf4 e6 16. Rfd1 Qc6 17. Rxd8+ Kxd8 18. Rd1+ Kc8 19. c4 b4 20. Qe3 Be7 21. b3 Rd8 22. Rxd8+ Bxd8 23. h3 h6 24. Qd4 f6 25. Bd2 Be7 26. Qd3 Bf8 27. Qg6 Qd7 28. Be3 f5 29. Kh1 Kb7 30. Qh5 e5 31. Qe2 g5 32. Bc1 Bc5 33. Be3 Bxe3 34. Qxe3 e4 35. Qe1 c5 36. Qe3 Qd4 37. Qe2 Kc7 38. Qh5 Qa1+ 39. Kh2 Qe5+ 40. Kg1 Qe6 41. Qe2 Kd6 42. Qd2+ Ke7 43. Qb2 Qf6 44. Qd2 Qd4 45. Qe2 Kf6 46. Qh5 Qa1+ 47. Kh2 Qe5+ 48. Kg1 Kg7 49. Qd1 Qd4 50. Qh5 Qd7 51. Qe2 Kg6 52. Qb2 Qd4 53. Qe2 h5 54. Kh1 g4 55. hxg4 hxg4 56. Kg1 g3 57. Qe1 f4 58. Qe2 Qa1+ 59. Qf1 gxf2+ 60. Kxf2 Qxf1+ 0-1

[Event "Mecklenburg VP-ch U14"]
[Site "Malchow"]
[Date "2019.02.05"]
[Round "6.3"]
[White "Boerger, Dan"]
[Black "Bress, Aaron"]
[Result "0-1"]
[WhiteElo "1427"]
[BlackElo "1760"]
[PlyCount "76"]
[EventDate "2019.02.02"]
[EventType "swiss"]
[EventRounds "7"]
[EventCountry "GER"]
[SourceTitle "EXT 2022"]
[Source "ChessBase"]
[SourceDate "2021.10.06"]
[SourceVersion "1"]
[SourceVersionDate "2021.10.06"]
[SourceQuality "1"]

1. e4 c5 2. c3 Nf6 3. Bd3 Nc6 4. Nf3 g6 5. Bc2 Bg7 6. 0-0 0-0 7. d4 cxd4 8. cxd4 d6 9. Nc3 Bd7 10. Re1 Rc8 11. Bf4 Nh5 12. Be3 Na5 13. Bd3 a6 14. Rc1 Nc4 15. Bxc4 Rxc4 16. Re2 b5 17. a3 h6 18. Qd2 Kh7 19. e5 f5 20. exf6 exf6 21. Nd5 Be6 22. Rxc4 bxc4 23. Nf4 Nxf4 24. Bxf4 Bd5 25. Qe3 g5 26. Qe7 Qxe7 27. Rxe7 gxf4 28. Nh4 Rf7 29. Rxf7 Bxf7 30. Nf5 Bf8 31. Nh4 Be6 32. g3 fxg3 33. fxg3 f5 34. Kf2 Be7 35. Nf3 Bd5 36. Ne1 Be4 37. Ke2 Bf6 38. Ke3 Bg5+ 0-1

[Event "Mecklenburg VP-ch U14"]
[Site "Malchow"]
[Date "2019.02.04"]
[Round "4.1"]
[White "Grossmann, Piet"]
[Black "Bress, Aaron"]
[Result "0-1"]
[WhiteElo "1752"]
[BlackElo "1760"]
[PlyCount "44"]
[EventDate "2019.02.02"]
[EventType "swiss"]
[EventRounds "7"]
[EventCountry "GER"]
[SourceTitle "EXT 2022"]
[Source "ChessBase"]
[SourceDate "2021.10.06"]
[SourceVersion "1"]
[SourceVersionDate "2021.10.06"]
[SourceQuality "1"]

1. e4 c5 2. Nf3 e6 3. c3 a6 4. d4 cxd4 5. cxd4 Nf6 6. Nc3 Bb4 7. Bd3 0-0 8. 0-0 d6 9. Qc2 h6 10. Be3 Ba5 11. Rac1 b5 12. a3 Bb7 13. b4 Bb6 14. Qb3 Nc6 15. Rfd1 Ng4 16. Bb1 Nxe3 17. fxe3 Rc8 18. Qc2 g6 19. Qf2 Qf6 20. Rf1 Qg7 21. Nd2 Nxd4 22. Qg3 Rxc3 0-1

[Event "Mecklenburg VP VL1819"]
[Site "Mecklenburg VP"]
[Date "2019.01.20"]
[Round "5.6"]
[White "Bress, Aaron"]
[Black "Kross, Gunnar"]
[Result "1/2-1/2"]
[WhiteElo "1831"]
[BlackElo "1933"]
[PlyCount "79"]
[EventDate "2018.10.21"]
[EventType "team-tourn"]
[EventRounds "9"]
[EventCountry "GER"]
[SourceTitle "EXT 2022"]
[Source "ChessBase"]
[SourceDate "2021.10.06"]
[SourceVersion "1"]
[SourceVersionDate "2021.10.06"]
[SourceQuality "1"]
[WhiteTeam "Torgelow Droegeheide"]
[BlackTeam "Schwerin SF III"]
[WhiteTeamCountry "GER"]
[BlackTeamCountry "GER"]

1. e4 c6 2. d4 d5 3. e5 Bf5 4. g4 Be4 5. f3 Bg6 6. h4 h5 7. Bd3 Bxd3 8. Qxd3 e6 9. Bg5 Be7 10. Bxe7 Nxe7 11. Ne2 Nd7 12. Nd2 c5 13. c3 Nc6 14. g5 g6 15. Nf4 Ne7 16. Nf1 cxd4 17. cxd4 Rc8 18. Ne3 Qb6 19. b3 Qb4+ 20. Ke2 0-0 21. a3 Qc3 22. Rab1 Rc6 23. Qxc3 Rxc3 24. Rhc1 Rfc8 25. Rxc3 Rxc3 26. Kd2 Rc6 27. Nd3 Kf8 28. Rc1 Ke8 29. Nb4 Rb6 30. Rc3 Kd8 31. Kd3 Nb8 32. Rc5 Nbc6 33. Nxc6+ Nxc6 34. Rc3 Kd7 35. Nc2 Ne7 36. Ne3 Nc6 37. Nc2 Na5 38. Na1 Rc6 39. Nc2 Rb6 40. Na1 1/2-1/2

[Event "Mecklenburg VP VL1819"]
[Site "Mecklenburg VP"]
[Date "2018.10.21"]
[Round "1.6"]
[White "Bress, Aaron"]
[Black "Hartzendorf, Jonathan"]
[Result "1-0"]
[WhiteElo "1831"]
[BlackElo "1773"]
[PlyCount "69"]
[EventDate "2018.10.21"]
[EventType "team-tourn"]
[EventRounds "9"]
[EventCountry "GER"]
[SourceTitle "EXT 2022"]
[Source "ChessBase"]
[SourceDate "2021.10.06"]
[SourceVersion "1"]
[SourceVersionDate "2021.10.06"]
[SourceQuality "1"]
[WhiteTeam "Torgelow Droegeheide"]
[BlackTeam "Rostock SSC 07"]
[WhiteTeamCountry "GER"]
[BlackTeamCountry "GER"]

1. e4 c5 2. Nf3 e6 3. d4 cxd4 4. Nxd4 a6 5. Bd3 Qc7 6. 0-0 Nc6 7. Nxc6 Qxc6 8. Nc3 b5 9. e5 Bb7 10. Be4 Qc7 11. Bxb7 Qxb7 12. Qd3 Ne7 13. f4 Ng6 14. Ne4 Rc8 15. Be3 Be7 16. Rad1 0-0 17. c3 Rc4 18. Bd4 Rfc8 19. g4 Qb8 20. Qg3 Qb7 21. Qf3 Qb8 22. Qg3 Qb7 23. Nd2 Rxd4 24. cxd4 Rc2 25. f5 Qd5 26. fxg6 Qxd4+ 27. Kh1 Rxd2 28. Rxd2 Qxd2 29. gxf7+ Kf8 30. Qf3 d5 31. exd6 Qxd6 32. Rd1 Qc7 33. Qa8+ Kxf7 34. Rf1+ Kg6 35. Qe8+ 1-0

[Event "GER-ch U25-B"]
[Site "Willingen"]
[Date "2018.05.25"]
[Round "8"]
[White "Bress, Aaron"]
[Black "Brunner, Tobias"]
[Result "0-1"]
[WhiteElo "1786"]
[BlackElo "1882"]
[PlyCount "50"]
[EventDate "2018.05.19"]
[EventType "swiss"]
[EventRounds "9"]
[EventCountry "GER"]
[SourceTitle "CBM 184 Extra"]
[Source "ChessBase"]
[SourceDate "2018.06.28"]
[SourceVersion "1"]
[SourceVersionDate "2018.06.28"]
[SourceQuality "1"]

1. e4 d5 2. exd5 Qxd5 3. Nc3 Qa5 4. d4 c6 5. Bc4 Nf6 6. Nf3 Bf5 7. Bd2 Qc7 8. Ne5 e6 9. g4 Be4 10. f3 Bd5 11. Nxd5 Nxd5 12. Qe2 Nd7 13. 0-0-0 Nxe5 14. dxe5 0-0-0 15. f4 Bc5 16. Rhe1 Qb6 17. Bb3 Rd7 18. Bxd5 Rxd5 19. Bc3 Rhd8 20. Rxd5 Rxd5 21. Rd1 Be3+ 22. Bd2 Rxd2 23. Rxd2 Bxf4 24. b3 Qd4 25. c4 Qc3+ 0-1